Statistics in ornithology

Αποθηκεύτηκε σε:
Λεπτομέρειες βιβλιογραφικής εγγραφής
Άλλοι συγγραφείς: Morgan, Byron J. T., 1946- (Επιμελητής έκδοσης), North, P. M. (Philip M.) (Επιμελητής έκδοσης)
Μορφή: Βιβλίο
Γλώσσα:English
Δημοσίευση: Berlin : Springer-Verlag, 1985.
Σειρά:Lecture notes in statistics (Springer-Verlag) 29
Θέματα:
Ετικέτες: Προσθήκη ετικέτας
Δεν υπάρχουν, Καταχωρήστε ετικέτα πρώτοι!

MARC

LEADER 00000cam a2200000 i 4500
001 1/914
008 950706s1985 gw | ||| |||| ||eng||
020 |a 3540961895 
035 |l 10014249 
040 |a GR-MyUa  |b gre  |e AACR2 
041 0 |a eng 
082 7 |a 598.072   |2 (22) 
245 0 0 |a Statistics in ornithology /   |c edited by B.J.T. Morgan and P.M. North. 
260 |a Berlin :   |b Springer-Verlag,   |c 1985. 
300 |a 418 σ. :   |b εικ. ;   |c 25 εκ. 
490 1 |a (Lecture notes in statistics ;   |v 29) 
650 0 0 |a Ornithology  |x Statistical methods  |x Congresses. 
700 1 |a Morgan, Byron J. T.,   |d 1946-  |e edt 
700 1 |a North, P. M.   |q (Philip M.)  |e edt 
830 0 |a Lecture notes in statistics (Springer-Verlag)  |v 29 
852 |a INST  |b LESVOS  |e 19950706  |h 598.072 STA  |p 005100008064  |q 005100008064  |t BK  |y 0 
922 |a 1ΕΛΗ  |b 199304  |c ΠΠ/3130